[Event "Open"]
[Site "Teplice CZE"]
[Date "2010.06.20"]
[Round "9"]
[White "Janda,Z"]
[Black "Grussova,H"]
[Result "0-1"]
[WhiteElo "2180"]
[BlackElo "1957"]

1.c4 c6 2.b3 d5 3.cxd5 cxd5 4.Nf3 Bf5 5.Bb2 Nc6 6.g3 e6 7.Bg2 Nf6 8.O-O Bd6
9.d3 O-O 10.Nh4 Bg4 11.Nd2 Rc8 12.h3 Bh5 13.Nhf3 Bg6 14.a3 Nd7 15.b4 Qb6
16.Rb1 a6 17.Ba1 Bxg3 18.Kh1 Bxf2 19.Nb3 Be3 20.Qc2 Nd4 21.Qd1 Nf5  0-1

[Event "XXVIII Balaton GM2"]
[Site "Heviz HUN"]
[Date "2010.06.24"]
[Round "6"]
[White "Balog,I1"]
[Black "Varga,Zo"]
[Result "0-1"]
[WhiteElo "2494"]
[BlackElo "2479"]

1.c4 c6 2.d4 d5 3.Nf3 Nf6 4.e3 Bf5 5.Nc3 e6 6.Nh4 Be4 7.f3 Bg6 8.Qb3 Qb6
9.Nxg6 hxg6 10.Bd2 Nbd7 11.O-O-O Qxb3 12.axb3 a6 13.Bd3 O-O-O 14.h3 e5 15.cxd5 cxd5
16.Ne2 Bd6 17.Kb1 b5 18.dxe5 Nxe5 19.Bc3 Rhe8 20.Nd4 Kb7 21.Nc2 Nc6 22.Rhe1 Be5
23.Bf1 Rc8 24.Bxe5 Rxe5 25.f4 Re7 26.g4 Rd8 27.Bg2 Ne4 28.g5 Kb6 29.Bf3 Red7
30.Nd4 Nb4 31.Re2 Re7 32.h4 a5 33.Rg1 Rde8 34.h5 Nc5 35.h6 gxh6 36.gxh6 Rh8
37.Rh1 Ne6 38.Nc2 Nxc2 39.Kxc2 d4 40.Rd1 dxe3 41.Rxe3 Nd4+ 42.Kd2 Nxf3+ 43.Rxf3 Rd7+
44.Kc2 Rxd1 45.Kxd1 Rxh6 46.f5 g5 47.Rg3 Rd6+ 48.Ke2 f6 49.Re3 Kc5 50.Kf3 Rd4  0-1

[Event "4th Kings Tournament"]
[Site "Medias ROU"]
[Date "2010.06.24"]
[Round "9"]
[White "Ponomariov,R"]
[Black "Gelfand,B"]
[Result "1/2-1/2"]
[WhiteElo "2733"]
[BlackElo "2741"]

1.c4 c6 2.e4 d5 3.cxd5 cxd5 4.exd5 Nf6 5.Bb5+ Nbd7 6.Nc3 a6 7.Be2 b5 8.d4 b4
9.Na4 Bb7 10.Nf3 Bxd5 11.Bf4 e6 12.Rc1 Be7 13.O-O O-O 14.b3 Ra7 15.Ne5 Qa8
16.f3 Qd8 17.Bd3 Ba8 18.Qe2 a5 19.Nc6 Bxc6 20.Rxc6 Nd5 21.Bg3 N7b6 22.Nxb6 Nxb6
23.f4 g6 24.Bf2 Nd5 25.Qf3 Rd7 26.Bb5 Rd6 27.g4 Qb8 28.Ba4 f5 29.g5 Nc3 30.Re1 Ne4
31.Be3  1/2-1/2

[Event "King's Gambit A"]
[Site "Lipetsk RUS"]
[Date "2010.06.25"]
[Round "3"]
[White "Zontakh,A"]
[Black "Kasparov,S"]
[Result "1-0"]
[WhiteElo "2532"]
[BlackElo "2504"]

1.c4 c6 2.d4 d5 3.Nf3 Nf6 4.Nc3 a6 5.a4 e6 6.g3 dxc4 7.Bg2 c5 8.O-O Nc6 9.Ne5 Nxd4
10.Nxc4 Be7 11.Bf4 Nd5 12.Be5 O-O 13.a5 Nc6 14.Nxd5 exd5 15.Nb6 Ra7 16.Qxd5 Nxe5
17.Qxe5 Bd6 18.Qc3 Qe7 19.Rfd1 Be6 20.Bd5 g6 21.Rd2 Bh3 22.Ra4 Bc7 23.g4 Qh4
24.Rd3 Bxg4 25.h3 h5 26.hxg4 Qh2+ 27.Kf1 Rd8 28.Rh3 Qd6 29.gxh5  1-0

[Event "HSG Open"]
[Site "Hilversum NED"]
[Date "2010.06.26"]
[Round "1"]
[White "Kunnen,Ruurd"]
[Black "Vogel,Ja"]
[Result "0-1"]
[WhiteElo "1986"]
[BlackElo "2210"]

1.c4 c6 2.e4 d5 3.exd5 cxd5 4.cxd5 Nf6 5.Bb5+ Bd7 6.Bc4 Qc7 7.Bb3 g6 8.Nc3 Bg7
9.Nf3 O-O 10.O-O b5 11.a3 Na6 12.Qe2 Nc5 13.Ba2 Bf5 14.Re1 Rae8 15.d4 Nd3
16.Rd1 b4 17.Nb5 Qb7 18.Rxd3 Bxd3 19.Qxd3 a6 20.Bd2 axb5 21.Bxb4 Rc8 22.d6 exd6
23.Bxd6 Rfd8 24.Ne5 Nd5 25.Nxf7 Qxf7 26.Bc5 Kh8 27.Qxb5 Qf5 28.a4 Rb8 29.Qe2 Nf4
30.Qf3 Rxb2 31.g4 Rxa2  0-1

[Event "1st Open"]
[Site "Marrakesh MAR"]
[Date "2010.06.28"]
[Round "5"]
[White "Hoffman,A"]
[Black "Malakhatko,V"]
[Result "1/2-1/2"]
[WhiteElo "2438"]
[BlackElo "2569"]

1.c4 c6 2.Nf3 d5 3.e3 Nf6 4.Nc3 a6 5.b3 Bg4 6.h3 Bh5 7.Be2 e6 8.Bb2 Nbd7
9.d4 Bd6 10.O-O O-O 11.Rc1 Re8 12.Ne5 Bxe2 13.Nxe2 Qc7 14.Nxd7 Qxd7 15.Nf4 Rad8
16.Kh1 Ne4 17.Nh5  1/2-1/2

[Event "HSG Open"]
[Site "Hilversum NED"]
[Date "2010.06.30"]
[Round "5"]
[White "Kunnen,Ruurd"]
[Black "Bloem,M"]
[Result "1/2-1/2"]
[WhiteElo "1986"]
[BlackElo "1905"]

1.c4 c6 2.e4 d5 3.exd5 cxd5 4.cxd5 Nf6 5.Bb5+ Bd7 6.Bc4 Qc8 7.Bb3 Na6 8.Nc3 g6
9.Nf3 Bg7 10.O-O O-O 11.d4 Bg4 12.h3 Bf5 13.a3 Qd8 14.Ne5 Rc8 15.Bf4 Ne8
16.g4 Bd7 17.Ne4 Bb5 18.Re1 Nd6 19.a4 Bc4 20.Nxd6 Bxb3 21.Qxb3 Qxd6 22.Nd3 Qd7
23.Be5 Rfd8 24.Rac1 Rxc1 25.Rxc1 Bxe5 26.dxe5 Qxd5 27.Qxd5 Rxd5 28.Rc3 Rd4
29.b3 Nb4 30.Nxb4  1/2-1/2

[Event "5th Open"]
[Site "Wroclaw POL"]
[Date "2010.06.30"]
[Round "6"]
[White "Butnorius,A"]
[Black "Svane,R"]
[Result "1-0"]
[WhiteElo "2439"]
[BlackElo "2206"]

1.c4 c6 2.d4 d5 3.Nf3 Nf6 4.Nc3 a6 5.a4 e6 6.Bg5 Nbd7 7.e3 Qa5 8.Nd2 Bb4
9.Be2 Bxc3 10.bxc3 Ne4 11.Nxe4 dxe4 12.c5 Qxc3+ 13.Kf1 Qa5 14.Qc2 f5 15.Qb3 Nf6
16.Bxf6 gxf6 17.Bh5+ Ke7 18.g3 Bd7 19.Kg2 Rhc8 20.Rhb1 Rc7 21.Qc2 Rg8 22.Rb6 Bc8
23.Rab1 Rd7 24.R1b4 Rg7 25.Qb2 Rg8 26.Be2 Rgd8 27.Bc4 Rc7 28.Be2 Kf7 29.Qb3 Re8
30.Qc3 Ree7 31.h3 Ke8 32.Kh2 h5 33.Bc4 h4 34.g4 fxg4 35.hxg4 Rg7 36.Be2 f5
37.gxf5 exf5 38.d5 Kf7 39.d6 Rd7 40.Qe5 Kg6 41.Qe6+ Kg5 42.Rb1  1-0

[Event "ch-SWE"]
[Site "Lund SWE"]
[Date "2010.07.03"]
[Round "1"]
[White "Semcesen,D"]
[Black "Hector,J"]
[Result "1/2-1/2"]
[WhiteElo "2420"]
[BlackElo "2584"]

1.c4 c6 2.Nf3 d5 3.e3 Nf6 4.Nc3 e6 5.Qc2 Bd6 6.b3 e5 7.cxd5 cxd5 8.Nb5 Nc6
9.Nxd6+ Qxd6 10.Bb2 O-O 11.Rc1 Bg4 12.h3 Bxf3 13.gxf3 Rac8 14.h4 d4 15.Bh3 Rcd8
16.Qc5 Qc7 17.b4 Rd5 18.Qc4 Qb6 19.a3 a5 20.e4 Rdd8 21.b5 Ne7 22.a4 Nh5 23.Ba3 Qf6
24.Bg4 Nf4 25.h5 h6 26.Qc7 Rfe8 27.Kf1 b6 28.Bxe7 Qxe7 29.Qxe7 Rxe7 30.Rc6 Rb8
31.Kg1 Kh7 32.Kh2 g6 33.Rhc1 Nd3 34.Rc7 Rb7 35.Rxe7 Rxe7 36.Rc6 Rb7 37.Bc8 Rb8
38.hxg6+ fxg6 39.Rc7+ Kh8 40.Kg3 Nf4 41.Kg4 Kg8 42.Kg3 Kf8 43.Bb7 Ne6 44.Rh7 Rd8
45.Bd5 Ng7 46.Rh8+ Ke7 47.Rxh6 Kf6 48.Rh7 Rc8 49.Bc6 Ne6 50.Rb7 Kg5 51.Re7 Kf6
52.Rb7 Kg5 53.Re7 Kf6 54.Rb7  1/2-1/2

[Event "ch-Paris Int"]
[Site "Paris FRA"]
[Date "2010.07.03"]
[Round "1"]
[White "Salvetti,A"]
[Black "Vidit,S"]
[Result "0-1"]
[WhiteElo "2313"]
[BlackElo "2492"]

1.c4 c6 2.Nf3 d5 3.g3 Nf6 4.Bg2 Bg4 5.Ne5 Be6 6.cxd5 Bxd5 7.O-O Nbd7 8.Nxd7 Qxd7
9.Qa4 Bxg2 10.Kxg2 e5 11.d3 Bc5 12.Nc3 h6 13.Ne4 Nxe4 14.Qxe4 Bd4 15.g4 O-O
16.e3 Bb6 17.b3 Rad8 18.Bb2 Qxd3 19.Qxd3 Rxd3 20.Bxe5 f6 21.Bb2 Rfd8 22.Kf3 Ba5
23.Rfc1 Bb4 24.Rc2 a5 25.Rac1 Kf7 26.Bc3 Bxc3 27.Rxc3 Rxc3 28.Rxc3 Rd2 29.a4 Rb2
30.h4 g6 31.Rd3 Ke6 32.Kg3 Rc2 33.f3 b5 34.axb5 cxb5 35.Kf4 g5+ 36.hxg5 hxg5+
37.Kg3 b4 38.Rd8 Rc3 39.Ra8 Rxb3 40.Rxa5 Rxe3 41.Rb5 b3 42.Kf2 Rc3 43.Ke2 Kd6
44.Rf5 Rc5 45.Rxf6+ Kc7 46.Rf7+ Kb6 47.Rf8 Kb7 48.Rf7+ Ka6 49.Rf6+ Ka5 50.Rf8 b2
51.Ra8+ Kb4  0-1

[Event "XXXIII Open"]
[Site "Barbera del Valles ESP"]
[Date "2010.07.04"]
[Round "1"]
[White "Chuturkov,M"]
[Black "Huerga Leache,M"]
[Result "0-1"]
[WhiteElo "2145"]
[BlackElo "2424"]

1.c4 c6 2.d4 d5 3.cxd5 cxd5 4.Nc3 Nc6 5.Nf3 Nf6 6.Bf4 Bf5 7.e3 e6 8.Rc1 Qb6
9.Bb5 Bb4 10.O-O Bxc3 11.Bxc6+ bxc6 12.bxc3 O-O 13.c4 Qa6 14.Qb3 Nd7 15.Bd6 Rfc8
16.c5 Bd3 17.Rfd1 Bc4 18.Qb1 Nf6 19.Ne5 Be2 20.Rd2 Ne4 21.Rb2 f6 22.Qc2 Bh5
23.Nd3 Bg6 24.Nb4 Qa3 25.Rb3 Qa5 26.Qb2 Be8 27.Bg3 Nxg3 28.hxg3 Rab8 29.Nd3 Rxb3
30.Qxb3 Qc7 31.Rb1 Bg6 32.Rb2 e5 33.Nc1 exd4 34.exd4 Re8 35.Ne2 Bf7 36.Kh2 g5
37.Qf3 Kg7 38.Nc3 h5 39.Re2 Rh8 40.Kg1 Rb8 41.Re3 Rb4 42.Qd1 Qd7 43.f3 Qc7
44.Kf2 h4 45.gxh4 gxh4 46.Ne2 h3 47.g3 Rb2 48.Qh1 Qc8 49.g4 Qh8 50.Kg3 Qb8+
51.f4 Rxa2 52.Qxh3 Qb4 53.g5 fxg5 54.Qg4 Qe1+ 55.Kg2 Qh4 56.Qxg5+ Qxg5+ 57.fxg5 Bh5  0-1

[Event "38th World Open"]
[Site "King of Prussia USA"]
[Date "2010.07.04"]
[Round "6"]
[White "Ehlvest,J"]
[Black "Paragua,M"]
[Result "1-0"]
[WhiteElo "2591"]
[BlackElo "2497"]

1.c4 c6 2.d4 d5 3.Nf3 Nf6 4.e3 a6 5.Nbd2 Bg4 6.h3 Bh5 7.g4 Bg6 8.Ne5 e6 9.h4 dxc4
10.Bxc4 Be4 11.Nxf7 Kxf7 12.Nxe4 Nxe4 13.Qf3+ Nf6 14.g5 Bb4+ 15.Ke2 Nd7 16.e4 Nb6
17.gxf6 gxf6 18.Qb3 Nxc4 19.Qxb4 Nd6 20.Bf4 Nb5 21.Rad1 Qe7 22.Qc4 h5 23.Rhg1 Rad8
24.a4 Nd6 25.Qc5 Nc8 26.Qa5 b6 27.Qc3 c5 28.e5 cxd4 29.Rxd4 Rdg8 30.exf6 Qxf6
31.Rd7+ Ne7 32.Qxf6+ Kxf6 33.Bg5+ Rxg5 34.hxg5+ Kf7 35.Rc1 Re8  1-0

[Event "38th TCh-GRE DivA"]
[Site "Peristeri GRE"]
[Date "2010.07.05"]
[Round "1"]
[White "Tsarouhas,K"]
[Black "Lirindzakis,T"]
[Result "0-1"]
[WhiteElo "2205"]
[BlackElo "2328"]

1.c4 c6 2.Nf3 d5 3.d4 Nf6 4.g3 dxc4 5.Bg2 Bf5 6.O-O e6 7.Nc3 Nbd7 8.Nh4 Bg6
9.e4 Bh5 10.f3 e5 11.Kh1 Qb6 12.Nf5 exd4 13.Na4 Qa6 14.Nxd4 Nc5 15.Nc3 Nd3
16.e5 O-O-O 17.exf6 Rxd4 18.Qe2 gxf6 19.Be3 Rd8 20.Ne4 Bg7 21.Qc2 Bg6 22.Qc3 Rhe8  0-1

[Event "9th Open"]
[Site "La Fere FRA"]
[Date "2010.07.06"]
[Round "5"]
[White "Casier,F"]
[Black "Descamps,S"]
[Result "1-0"]
[WhiteElo "1802"]
[BlackElo "1587"]

1.c4 c6 2.Nc3 Nf6 3.Nf3 e6 4.d4 d5 5.cxd5 cxd5 6.e3 Bb4 7.Qa4+ Nc6 8.Ne5 Bxc3+
9.bxc3 Bd7 10.Nxd7 Qxd7 11.Ba3 Ne4 12.c4 Nd6 13.c5 Nc8 14.Bd3 O-O 15.O-O N8e7
16.Rab1 Rfb8 17.Qc2 f5 18.Rb3 Nc8 19.Rfb1 a6 20.Bc1 N8e7 21.Qb2 Na5 22.Ra3 Nec6
23.Bd2 Nc4 24.Bxc4 dxc4 25.Qc3 Qd5 26.Rc1 b5 27.cxb6 Rxb6 28.Ra4 a5 29.Rxc4 Ne7
30.Rc7 Kf7 31.Rxe7+ Kxe7 32.Qc7+ Kf6 33.Qxb6 Qxa2 34.Bc3 Rc8 35.Qb2 Qd5 36.Ra1 Ra8
37.Qa2 a4 38.Qa3 g5 39.Qb4 h5 40.Rxa4 Rxa4 41.Qxa4 h4 42.h3 g4 43.Qa5 Qxa5
44.Bxa5 gxh3 45.gxh3  1-0

[Event "IsBank TCh-TUR"]
[Site "Konya TUR"]
[Date "2010.07.07"]
[Round "11"]
[White "Mirzoev,A"]
[Black "Kozhuharov,S"]
[Result "0-1"]
[WhiteElo "2555"]
[BlackElo "2404"]

1.c4 c6 2.d4 d5 3.Nf3 Nf6 4.Qc2 dxc4 5.Qxc4 e6 6.Bg5 Nbd7 7.Nc3 c5 8.O-O-O cxd4
9.Nxd4 Be7 10.e4 a6 11.Qb3 Qc7 12.Qc2 b5 13.f3 Bb7 14.Kb1 Rc8 15.Bd3 b4 16.Bxf6 Bxf6
17.Nce2 Qa5 18.Qd2 Ne5 19.Nc2 Nxd3 20.Qxd3 O-O 21.Qb3 Qg5 22.g4 a5 23.h4 Qc5
24.g5 Be5 25.Nc1 Ba6 26.Nd3 Bxd3 27.Qxd3 a4 28.Ne3 b3 29.Rc1 bxa2+ 30.Kxa2 Qb6
31.Qa3 Bxb2 32.Rb1 Bxa3 33.Rxb6 Bc5  0-1

[Event "FSGM July"]
[Site "Budapest HUN"]
[Date "2010.07.09"]
[Round "7"]
[White "Kjartansson,G"]
[Black "Vera Gonzalez Quevedo,R"]
[Result "1/2-1/2"]
[WhiteElo "2356"]
[BlackElo "2499"]

1.c4 c6 2.Nf3 d5 3.e3 Nf6 4.d4 e6 5.b3 Nbd7 6.Bb2 Bb4+ 7.Nbd2 Ne4 8.a3 Bd6
9.c5 Nxd2 10.Nxd2 Bc7 11.f4 b6 12.b4 bxc5 13.bxc5 Ba5 14.Bd3 Qh4+ 15.Kf1 Bxd2
16.Qxd2 a5 17.Kg1 O-O 18.Qe2 Bb7 19.h3 Qd8  1/2-1/2

[Event "ch-NOR"]
[Site "Fredrikstad NOR"]
[Date "2010.07.09"]
[Round "8"]
[White "Ekeberg,C"]
[Black "Hole,O"]
[Result "1/2-1/2"]
[WhiteElo "2310"]
[BlackElo "2382"]

1.c4 c6 2.Nf3 d5 3.d4 Nf6 4.e3 Bf5 5.Nc3 e6 6.Nh4 Bg6 7.Be2 Nbd7 8.O-O Bd6
9.g3 O-O 10.Nxg6 hxg6 11.Qb3 Qc7 12.Rd1 dxc4 13.Bxc4 e5 14.Bd2 Nb6 15.Bf1 exd4
16.exd4 Rad8 17.Bg2 Rfe8 18.Rac1 Qd7 19.Bg5 Qf5 20.Bxf6 Qxf6 21.d5 cxd5 22.Nxd5 Nxd5
23.Rxd5 b6 24.Rcd1 Bc5 25.Qc2 Rxd5 26.Bxd5 Rd8 27.Kg2 Kh8  1/2-1/2

[Event "9th Open"]
[Site "La Fere FRA"]
[Date "2010.07.09"]
[Round "8"]
[White "Delias,G"]
[Black "Dagnicourt,F"]
[Result "1-0"]
[WhiteElo "1512"]
[BlackElo "1748"]

1.c4 c6 2.e4 d5 3.exd5 cxd5 4.d4 e6 5.Nf3 Nf6 6.Bd3 Be7 7.O-O O-O 8.Nc3 b6
9.Bf4 Ba6 10.Nb5 Bxb5 11.cxb5 Nbd7 12.Rc1 Ne8 13.Qd2 Bd6 14.Rfe1 Bxf4 15.Qxf4 Qf6
16.Qd2 Qd8 17.Ng5 Ndf6 18.f4 Nd6 19.Qe2 Re8 20.Rc6 Qd7 21.Rec1 Rac8 22.Qc2 g6
23.Nf3 Ng4 24.Ne5 Nxe5 25.fxe5 Nf5 26.Rxc8  1-0

[Event "ch-IRL"]
[Site "Dublin IRL"]
[Date "2010.07.10"]
[Round "8"]
[White "Redmond,J"]
[Black "Astaneh Lopez,A"]
[Result "0-1"]
[WhiteElo "2205"]
[BlackElo "2367"]

1.c4 c6 2.Nf3 Nf6 3.Nc3 d5 4.e3 e6 5.b3 Bd6 6.Bb2 O-O 7.Qc2 Re8 8.Be2 a6
9.g4 e5 10.g5 d4 11.gxf6 dxc3 12.Bxc3 Qxf6 13.Rg1 Bf5 14.Qb2 c5 15.O-O-O Nc6
16.Rg2 Nd4 17.exd4 exd4 18.Nxd4 cxd4 19.Bxd4 Qxd4  0-1

[Event "ch-SCO"]
[Site "Hamilton SCO"]
[Date "2010.07.12"]
[Round "2"]
[White "McNab,C"]
[Black "Groetz,H"]
[Result "1/2-1/2"]
[WhiteElo "2463"]
[BlackElo "2315"]

1.c4 c6 2.Nf3 d5 3.b3 Bg4 4.Bb2 Nd7 5.d3 e6 6.Nbd2 Ngf6 7.g3 Bd6 8.Bg2 e5
9.h3 Bf5 10.O-O O-O 11.cxd5 cxd5 12.e4 Bg6 13.Nh4 dxe4 14.Nxg6 hxg6 15.dxe4 Qe7
16.Nc4 Bc5 17.Qe2 b5 18.Ne3 Bxe3 19.Qxe3 a5 20.Rac1 a4 21.Rc6 a3 22.Bc3 Rfc8
23.Rxc8+ Rxc8 24.Qd2 Qc5 25.Bb4 Qc2 26.Rd1 Qb2 27.Qxb2 axb2 28.Ba3 Ra8 29.Bxb2 Rxa2
30.Bc3 Rc2 31.Bb4 Nc5 32.Rd8+ Kh7 33.Bxc5 Rxc5 34.Rb8 Rc1+ 35.Kh2 Rc2 36.Rxb5 Rxf2
37.Rxe5 Rb2 38.Re7 Kg8 39.e5 Nd5 40.Re8+ Kh7 41.e6 fxe6 42.Rxe6 Nc3 43.Re3 Ne2
44.h4 Nd4 45.Rd3 Nxb3 46.Kh3 Nc5 47.Rd6 Rb4 48.Bd5 Ne4 49.Bxe4  1/2-1/2

[Event "85th ch-ARG"]
[Site "Buenos Aires ARG"]
[Date "2010.07.13"]
[Round "8"]
[White "Filgueira,H"]
[Black "Garbarino,R"]
[Result "0-1"]
[WhiteElo "2347"]
[BlackElo "2350"]

1.c4 c6 2.d4 d5 3.cxd5 cxd5 4.Nc3 Nf6 5.Bf4 Nc6 6.Nf3 Bf5 7.e3 e6 8.Qb3 Bb4
9.Bb5 O-O 10.O-O Bd6 11.Bxc6 bxc6 12.Bxd6 Qxd6 13.Na4 Rfb8 14.Qa3 Qxa3 15.bxa3 Bc2
16.Nc5 Ne4 17.Rfc1 Rb2 18.Nxe4 dxe4 19.Ne5 Ba4 20.Nc4 Rc2 21.Rxc2 Bxc2 22.Ne5 Rc8
23.Nd7 f6 24.Rc1 Bd3 25.Rc3 Bb1 26.Rb3 Bxa2 27.Rb7 Ra8 28.Nc5 Bd5 29.f3 exf3
30.e4 Bc4 31.gxf3 Rd8 32.Nd7 a6 33.Kf2 h5 34.Ke3 h4 35.a4 h3 36.Nc5 Re8 37.Rb4 Bf1
38.Rb1 Bg2 39.Nxa6 e5 40.Rb3 exd4+ 41.Kxd4 Kf7  0-1

[Event "2nd Open"]
[Site "Rethymno GRE"]
[Date "2010.07.13"]
[Round "1"]
[White "Hristodoulaki,A"]
[Black "Svetushkin,D"]
[Result "0-1"]
[WhiteElo "1862"]
[BlackElo "2560"]

1.c4 c6 2.Nc3 d5 3.e3 Nf6 4.Nf3 a6 5.cxd5 cxd5 6.d4 Nc6 7.a3 Bg4 8.Be2 e6
9.h3 Bh5 10.O-O Bd6 11.Bd2 O-O 12.Rc1 Rc8 13.Re1 Bb8 14.Nh2 Bg6 15.Na4 Ne4
16.Nf3 Bh5 17.Nc5 Qc7 18.Kf1 Qe7 19.Nxe4 dxe4 20.Ng1 Bg6 21.Qa4 Qf6 22.Red1 Ne7
23.g4 Nd5 24.Kg2 Qe7 25.Bb4 Nxb4 26.Qxb4 Bd6 27.Qd2 f5 28.Rxc8 Rxc8 29.Rc1 Rf8
30.f3 fxg4 31.fxg4 Qh4 32.Qe1 Qxe1 33.Rxe1 Rc8 34.Bf1 Be8 35.h4 e5 36.Nh3 exd4
37.exd4 Rc2+ 38.Re2 Rc1 39.Ng5 Bb5 40.Nxe4 Bxe2 41.Bxe2 Be7 42.g5 Rc2 43.Kf3 Rxb2
44.d5 Bxa3 45.d6 Kf8 46.Bc4 Rb6 47.g6 hxg6 48.Ng5 Rxd6 49.Ne6+ Ke7  0-1

[Event "29th Jacques Lemans Open"]
[Site "St Veit SUI"]
[Date "2010.07.13"]
[Round "4"]
[White "Leitner,G"]
[Black "Hempel,O"]
[Result "1-0"]
[WhiteElo "2234"]
[BlackElo "2099"]

1.c4 c6 2.d4 d5 3.Nf3 Nf6 4.Nc3 dxc4 5.a4 Bf5 6.Ne5 Nbd7 7.Nxc4 Qc7 8.g3 e5
9.dxe5 Nxe5 10.Bf4 Rd8 11.Qc1 Bd6 12.Nxd6+ Qxd6 13.Bg2 a6 14.O-O O-O 15.a5 Qe7
16.Ra4 Rd7 17.Bg5 h6 18.Be3 Neg4 19.Bb6 Re8 20.h3 Ne5 21.f4 Ng6 22.e4 Be6
23.f5 Bb3 24.fxg6 Bxa4 25.gxf7+ Qxf7 26.Nxa4 Qg6 27.Nc5 Rde7 28.g4 h5 29.g5 Nd7
30.Nxd7 Rxd7 31.h4 Qe6 32.Qf4 Rf7 33.Qxf7+ Qxf7 34.Rxf7 Kxf7 35.Kf2 Re5 36.b4 Re6
37.Bc5 Re8 38.Ke3 Rd8 39.Bf3 g6 40.e5 Ke6 41.Bd6 Kf5 42.Be4+ Kg4 43.Bxg6 Kxh4
44.Bf7  1-0

[Event "1st Open"]
[Site "Vaujany FRA"]
[Date "2010.07.13"]
[Round "4"]
[White "Roos,Dan"]
[Black "Di Nicolantonio,L"]
[Result "1-0"]
[WhiteElo "2414"]
[BlackElo "2204"]

1.c4 c6 2.e4 d5 3.exd5 cxd5 4.d4 Nf6 5.Nc3 e6 6.Nf3 Be7 7.Bd3 O-O 8.O-O dxc4
9.Bxc4 a6 10.a4 Nc6 11.Re1 Bd7 12.Bg5 Rc8 13.Qe2 Re8 14.Rad1 Nd5 15.Bd2 Ncb4
16.Bb3 Bd6 17.Ne5 Rf8 18.Qf3 Bc6 19.Qh3 Be7 20.Ne4 Qe8 21.Rc1 Rd8 22.Nxc6 Nxc6
23.Bc2 Nxd4 24.Nd6 Nxc2 25.Nxe8 Nxe1 26.Nxg7 Kxg7 27.Bh6+ Kh8 28.Bxf8 Bxf8
29.Rxe1 Rc8 30.Qf3 Kg8 31.h4 Bg7 32.Qb3 b6 33.Re4 h6 34.g3 a5 35.Kg2 Rc5
36.f4 Nb4 37.Kf3 Nd5 38.f5 exf5 39.Re8+ Bf8 40.Rd8 Nc7 41.Qxb6 Ne6 42.Ra8 Rc2
43.Qxa5 Rxb2 44.Qe5  1-0

[Event "2nd Artemis Cup"]
[Site "Leros GRE"]
[Date "2010.07.14"]
[Round "2"]
[White "Nikolaidis,I"]
[Black "Kasparova,T"]
[Result "1-0"]
[WhiteElo "2493"]
[BlackElo "2167"]

1.c4 c6 2.e4 e5 3.Nf3 d6 4.d4 Nd7 5.Be2 Ngf6 6.Nc3 Be7 7.O-O O-O 8.Be3 Re8
9.d5 c5 10.Ne1 Nf8 11.Nd3 Ng6 12.a3 Rf8 13.b4 b6 14.Rb1 Ne8 15.bxc5 bxc5
16.Qd2 f5 17.f3 Nf6 18.exf5 Bxf5 19.Rb2 e4 20.Nf4 Nxf4 21.Bxf4 exf3 22.Bxf3 Bc8
23.Rbb1 Bf5 24.Rbe1 Rf7 25.Bd1 Bd7 26.Bc2 Qf8 27.Bg5 Re8 28.h3 Nh5 29.Rxf7 Qxf7
30.Ne4 Bxg5 31.Qxg5 Nf6 32.Rf1 Nxe4 33.Rxf7 Nxg5 34.Rxd7 Re2 35.Bf5 g6 36.Bg4 Re4
37.Rxd6 Rxc4 38.Ra6 Rd4 39.d6 h5 40.Bc8 Ne4 41.d7 Kf7 42.Rxa7 Ke7 43.Ra6 g5
44.Kf1 Kd8 45.Ke2 Nc3+ 46.Ke1 Re4+  1-0

[Event "2nd Artemis Cup"]
[Site "Leros GRE"]
[Date "2010.07.15"]
[Round "4"]
[White "Kovalyov,A"]
[Black "Jeremic,V"]
[Result "1/2-1/2"]
[WhiteElo "2599"]
[BlackElo "2509"]

1.c4 c6 2.d4 d5 3.Nf3 Nf6 4.e3 Bf5 5.Nc3 e6 6.Nh4 Be4 7.f3 Bg6 8.Qb3 Qb6
9.Nxg6 hxg6 10.Bd2 Nbd7 11.g3 Be7 12.Kf2 O-O 13.Rc1 c5 14.Qxb6 Nxb6 15.dxc5 Nxc4
16.Bxc4 dxc4 17.Nb5 Rfc8 18.Rxc4 a6 19.Nd4 Rxc5 20.Rxc5 Bxc5 21.Nb3 Bd6 22.Rc1 Kf8
23.Na5 Rb8 24.e4 Nd7 25.f4 f6 26.Kf3 Ke8 27.a3 Kd8 28.h4 Bc7 29.Bb4 Bxa5
30.Bxa5+ b6 31.Bb4 Nc5 32.e5 Rb7 33.exf6 gxf6 34.Bxc5 bxc5 35.Rxc5 Rb3+ 36.Rc3 Rxb2
37.Rc6 Rb3+ 38.Kg2 Ke7 39.Rxa6 f5 40.a4 Rb2+ 41.Kh3 Ra2 42.a5 Kf6 43.Ra8 Kg7
44.a6 Kf7 45.Ra7+ Kf6 46.Ra8 Kf7 47.a7 Kg7 48.h5 gxh5 49.Kh4 Rh2+ 50.Kg5 Ra2
51.Kxh5 Ra3 52.Kh4 Ra4 53.Kg5 Ra3 54.Re8 Rxa7 55.Rxe6 Ra3 56.Rg6+ Kf7 57.Kh5 Rb3
58.Rg5 Kf6 59.Kh4 Rb1 60.Kh3 Rb4 61.Rg8 Rb3 62.Ra8  1/2-1/2

[Event "Aegean Open"]
[Site "Agios Kirykos GRE"]
[Date "2010.07.16"]
[Round "4"]
[White "Pountzas,H"]
[Black "Androni,K"]
[Result "1-0"]
[WhiteElo "2181"]
[BlackElo "1870"]

1.c4 c6 2.e4 d5 3.exd5 cxd5 4.cxd5 Nf6 5.Qa4+ Nbd7 6.Nc3 g6 7.Bc4 Bg7 8.d3 O-O
9.Nf3 a6 10.Qa3 Nb6 11.Qb3 Nbd7 12.a4 Ng4 13.Bf4 Nc5 14.Qa3 b6 15.d4 Nb7
16.O-O Nh6 17.Rfe1 Nf5 18.Rad1 Nbd6 19.Bb3 Bd7 20.Be5 f6 21.Bxd6 Nxd6 22.Ne4 Bg4
23.Rd3 Kh8 24.Nxd6 exd6 25.h3 Bc8 26.Rde3 Ra7 27.a5 bxa5 28.Ba4 Raf7 29.Be8 Rc7
30.Qxa5 Bd7 31.Bxd7 Qxd7 32.Qxa6 f5 33.b4 Rfc8 34.b5 Bf8 35.b6 Rb7 36.Rb3 Rcb8
37.Ng5 Bg7 38.Ne6 Bf6 39.Rc1 Bd8 40.Rc6 Kg8 41.Rb5 h6 42.Qa5 g5 43.Qb4 Be7
44.Qb1 Ra8 45.Qxf5  1-0

[Event "Corporation Centre Cup"]
[Site "Izhevsk RUS"]
[Date "2010.07.16"]
[Round "2"]
[White "Shumilov,K"]
[Black "Bronnikov,K1"]
[Result "0-1"]
[WhiteElo "2029"]
[BlackElo "2232"]

1.c4 c6 2.e4 d5 3.exd5 cxd5 4.Nc3 d4 5.Ne4 Nc6 6.d3 f5 7.Ng3 e5 8.a3 a5 9.f4 Bd6
10.fxe5 Bxe5 11.Qf3 Nf6 12.Bf4 Qd6 13.N1e2 O-O 14.h3 Be6 15.Rd1 Rae8 16.Kf2 h6
17.Bxe5 Qxe5 18.Nf4 Bf7 19.Be2 g5 20.Nfh5 Nxh5 21.Nxh5 Qxe2+ 22.Qxe2 Rxe2+
23.Kxe2 Bxh5+ 24.g4 fxg4 25.Rdf1 gxh3+ 26.Kd2 Rxf1 27.Rxf1 Ne5  0-1

[Event "Open A"]
[Site "Oberwart AUT"]
[Date "2010.07.16"]
[Round "4"]
[White "Szabo,R"]
[Black "Diermair,A"]
[Result "0-1"]
[WhiteElo "2161"]
[BlackElo "2312"]

1.c4 c6 2.Nf3 Nf6 3.Nc3 d5 4.d4 dxc4 5.a4 Bf5 6.Ne5 Nbd7 7.Nxc4 Qc7 8.g3 e5
9.dxe5 Nxe5 10.Bf4 Nfd7 11.Bg2 g5 12.Bxe5 Nxe5 13.Nxe5 Qxe5 14.O-O Bb4 15.e4 Be6
16.Qc2 O-O 17.Rad1 Rad8 18.Rxd8 Rxd8 19.Rd1 Rxd1+ 20.Qxd1 Kg7 21.Qc2 Qd4
22.Bf1 h6 23.Bd3 Bc5 24.Nd1 Qb4 25.Qc3+ Qxc3 26.Nxc3 Bd4 27.Bc2 Bh3 28.Nd1 a5
29.b3 Kf6 30.Ne3 Bxe3 31.fxe3 Ke5 32.Kf2 b5 33.axb5 cxb5 34.Kf3 Bd7 35.Bb1 a4
36.bxa4 bxa4 37.Ba2 Be6 38.Bxe6 fxe6  0-1

[Event "5th Nana Aleksandria Cup"]
[Site "Poti GEO"]
[Date "2010.07.17"]
[Round "7"]
[White "Azaladze,S"]
[Black "Mammadov,Z"]
[Result "1/2-1/2"]
[WhiteElo "2443"]
[BlackElo "2302"]

1.c4 c6 2.Nf3 Nf6 3.g3 d5 4.Bg2 g6 5.b3 Bg7 6.Bb2 Qb6 7.cxd5 Ne4 8.d4 cxd5
9.O-O O-O 10.e3 Nc6 11.Nfd2 Nxd2 12.Qxd2 e6 13.Nc3 Qa5 14.a4 Bd7 15.b4 Qd8
16.a5 b6 17.a6 Rc8 18.Ba3 Re8 19.Rfc1 Bf8 20.Qb2 Ne7 21.g4 b5 22.Ne2 g5 23.Rc5 Ng6
24.f4 gxf4 25.exf4 Qh4 26.h3 h5 27.gxh5 Qxh5 28.Rf1 Nh4 29.Ng3 Qg6 30.Qf2 Bd6
31.Qb2 Bf8 32.Kh2 Bg7 33.Qf2  1/2-1/2

[Event "ch-USA Junior"]
[Site "St Louis USA"]
[Date "2010.07.17"]
[Round "7"]
[White "Harper,W"]
[Black "Holt,C"]
[Result "0-1"]
[WhiteElo "2304"]
[BlackElo "2402"]

1.c4 c6 2.e4 d5 3.exd5 cxd5 4.d4 Nf6 5.Nc3 e6 6.Nf3 Bb4 7.Bd3 dxc4 8.Bxc4 O-O
9.O-O h6 10.a3 Bxc3 11.bxc3 Qc7 12.Qd3 Nbd7 13.Re1 b6 14.Ba2 Rd8 15.Bxh6 gxh6
16.Bxe6 fxe6 17.Qg6+ Kh8 18.Rxe6 Ng8 19.Ng5 Nf8 20.Nf7+ Qxf7 21.Qxf7 Bxe6
22.Qf3 Rac8 23.Re1 Bd5 24.Qd3 Rc7 25.f3 Rg7 26.c4 Bb7 27.a4 Ng6 28.d5 Nf4
29.Qd4 Nxg2 30.Re4 Ne3+ 31.Kf2 Nf5 32.Qe5 Rf8 33.Rg4 Rf7 34.a5 Kh7 35.axb6 axb6
36.Rxg7+ Nxg7 37.Qd4 Ba6 38.d6 Nf6 39.Qxb6 Bxc4 40.d7 Nxd7 41.Qc6 Bd3 42.Qd5 Bg6  0-1

[Event "ZDMI Open"]
[Site "Dresden GER"]
[Date "2010.07.18"]
[Round "9"]
[White "Barlage,T"]
[Black "Schmidt,Mau"]
[Result "0-1"]
[WhiteElo "2008"]
[BlackElo "1886"]

1.c4 c6 2.g3 d5 3.Bg2 Nf6 4.b3 Bf5 5.Nf3 h6 6.Ba3 Nbd7 7.O-O e6 8.Bxf8 Nxf8
9.d4 N8d7 10.Nc3 O-O 11.c5 Re8 12.Nh4 Bh7 13.f4 Ne4 14.Nxe4 Bxe4 15.Nf3 f6
16.Bh3 e5 17.fxe5 Bxf3 18.Rxf3 fxe5 19.e3 exd4 20.exd4 Nf6 21.Qd3 Ne4 22.Bf5 Qg5
23.h4 Qd8 24.a3 Re7 25.Re3 Qc7 26.Kg2 Nf6 27.Rae1 Rae8 28.Be6+ Kh8 29.Qg6 Nd7
30.Qd3 Nf6 31.g4 Ne4 32.Bf5 Qf4 33.Rf1 Qc7 34.g5 Rf7 35.g6 Rf6 36.h5 Ref8
37.Ref3 Ng5 38.Rf4 Qe7  0-1

[Event "Open A"]
[Site "Oberwart AUT"]
[Date "2010.07.18"]
[Round "6"]
[White "Szabo,R"]
[Black "Papp,C"]
[Result "1-0"]
[WhiteElo "2161"]
[BlackElo "2010"]

1.c4 c6 2.Nf3 d5 3.e3 Nf6 4.Nc3 Bg4 5.d4 e6 6.Bd3 dxc4 7.Bxc4 Nbd7 8.O-O Nb6
9.Be2 Be7 10.Ne5 Bxe2 11.Qxe2 O-O 12.b3 Nfd5 13.Bb2 Nxc3 14.Bxc3 Bd6 15.Nc4 Bc7
16.Rac1 Qg5 17.f4 Qe7 18.Bb2 Rfd8 19.e4 Nxc4 20.Qxc4 Bb6 21.Kh1 Rd7 22.Rcd1 Rad8
23.b4 c5 24.bxc5 Bxc5 25.f5 Bb6 26.fxe6 fxe6 27.d5 Qc5 28.Qb3 Qe3 29.Qc4 Qc5
30.Qe2 Qe3 31.Qg4 exd5 32.Qe6+ Kh8 33.Qxd7  1-0